000 nam a22 7a 4500
999 _c108141
_d108140
005 20220504104950.0
008 211027b ||||| |||| 00| 0 eng d
020 _a9780128186589
080 _a621.3.049.77
_bJHO/2D
100 _aJhon, Young Min
245 _a2D materials for nanophotonics
260 _aKidlington
_bElsevier
_c2021
300 _axiii,397p.
653 _a2D Materials
653 _aNanophotonics
700 _aLee, Ju Han
942 _cBK